000 00638nam a2200229Ia 4500
003 OSt
005 20220918210821.0
006 a|||||r|||| 00| 0
007 ta
008 220917b |||||||| |||| 00| 0 eng d
024 _a122,161
037 _cTextual
040 _aARTS
_cARTS
_beng
041 _2eng
_aeng
082 _aV8:2:N0, H4;K3
100 _aDeakin Alfred
_9119301
245 0 _aFederal story
_b The inner history of the federal cause 1880-1900 ed by J A La Nauze
260 _aNA
_bNA
_c1944
650 _aHISTORY
942 _hV8:2:N0, H4;K3
_cTEXL
_2CC
999 _c245353
_d245353